[Event "PRO League Group Stage"]
[Site "chess.com INT"]
[Date "2019.02.20"]
[Round "7"]
[White "Caruana, Fabiano"]
[Black "Adhiban, Baskaran"]
[Result "1-0"]
[WhiteTitle "GM"]
[BlackTitle "GM"]
[WhiteElo "2828"]
[BlackElo "2689"]
[WhiteTeam "Saint Louis Arch Bishops"]
[BlackTeam "Mumbai Movers"]
[WhiteFideId "2020009"]
[BlackFideId "5018471"]
[EventDate "2019.01.08"]

1. e4 e5 2. Nf3 Nc6 3. Bb5 a6 4. Ba4 Nf6 5. O-O Be7 6. Re1 b5 7. Bb3 d6 8. c3
O-O 9. h3 Nd7 10. d4 Bf6 11. Be3 Na5 12. Bc2 Nc4 13. Bc1 Bb7 14. a4 d5 15. exd5
Bxd5 16. b3 Bxf3 17. Qxf3 Nd6 18. Be3 b4 19. cxb4 exd4 20. Bf4 Rb8 21. Nd2 Rxb4
22. Rac1 g6 23. Bd3 Bg5 24. Rc6 Bxf4 25. Qxf4 a5 26. Rec1 Re8 27. Nf3 Nf6 28.
Bc4 Nxc4 29. bxc4 Kg7 30. Nxd4 Re4 31. Nf5+ Kg8 32. Qh6 gxf5 33. Rxf6 Rbxc4 34.
Rxc4 Rxc4 35. Qg5+ Kh8 36. Qxf5 Rxa4 37. Rxf7 Qd1+ 38. Kh2 Qd6+ 39. g3 Qg6 40.
Qe5+ 1-0

[Event "PRO League Group Stage"]
[Site "chess.com INT"]
[Date "2019.02.20"]
[Round "7"]
[White "Ghosh, Diptayan"]
[Black "So, Wesley"]
[Result "1/2-1/2"]
[WhiteTitle "GM"]
[BlackTitle "GM"]
[WhiteElo "2544"]
[BlackElo "2765"]
[WhiteTeam "Mumbai Movers"]
[BlackTeam "Saint Louis Arch Bishops"]
[WhiteFideId "5045207"]
[BlackFideId "5202213"]
[EventDate "2019.01.08"]

1. d4 Nf6 2. c4 e6 3. Nf3 d5 4. g3 Bb4+ 5. Bd2 Be7 6. Bg2 O-O 7. O-O c6 8. Qc2
Nbd7 9. Rd1 b6 10. Bf4 Ba6 11. cxd5 cxd5 12. Ne5 Bb7 13. Nc6 Bxc6 14. Qxc6 Rc8
15. Qa4 a5 16. Nc3 Nh5 17. Be3 Rc4 18. Qc2 Bb4 19. Rd3 Qc7 20. Rc1 Rc8 21. Qb1
Qb7 22. Bd2 Nhf6 23. a3 Be7 24. e3 b5 25. Ne2 Qa6 26. Bf1 Ne4 27. Be1 Rxc1 28.
Nxc1 Qc6 29. Rd1 b4 30. axb4 Bxb4 31. Bxb4 axb4 32. Nd3 1/2-1/2

[Event "PRO League Group Stage"]
[Site "chess.com INT"]
[Date "2019.02.20"]
[Round "7"]
[White "Theodorou, Nikolas"]
[Black "Karavade, Eesha"]
[Result "1-0"]
[WhiteTitle "IM"]
[BlackTitle "IM"]
[WhiteElo "2552"]
[BlackElo "2365"]
[WhiteTeam "Saint Louis Arch Bishops"]
[BlackTeam "Mumbai Movers"]
[WhiteFideId "4262875"]
[BlackFideId "5012600"]
[EventDate "2019.01.08"]

1. d4 Nf6 2. c4 e6 3. g3 c5 4. Nf3 cxd4 5. Nxd4 Qc7 6. b3 Bb4+ 7. Bd2 Bc5 8. e3
b6 9. Bg2 Bb7 10. O-O Bxg2 11. Kxg2 O-O 12. Qf3 d5 13. Nc3 Qb7 14. cxd5 exd5 15.
Rfd1 Bxd4 16. exd4 Nbd7 17. Bf4 Rfe8 18. Nb5 Ne4 19. Nc7 Rec8 20. Nxa8 Qxa8 21.
Rac1 h6 22. a4 Ndf6 23. Be5 Qb7 24. Qf5 Nd7 25. f3 Ng5 26. h4 Ne6 27. h5 Qa6 28.
Qd3 Qb7 29. Rc2 Nxe5 30. dxe5 Rd8 31. b4 Qe7 32. f4 Qxb4 33. Rcd2 Qxa4 34. Qf3
d4 35. Kh2 Qc4 36. Qg4 d3 37. Qf3 Nc5 38. Rg2 Qe4 39. Qxe4 Nxe4 40. Rb2 Nc3 41.
Rdd2 Ne4 42. Rd1 Rd4 43. Rb3 d2 44. Kg2 a5 45. Kf3 a4 46. Ke3 Rc4 47. Rxb6 Rc1
48. Rb1 Rxb1 49. Rxb1 Nc3 50. Rb8+ Kh7 51. Kxd2 Ne4+ 52. Ke3 Nxg3 53. Rb7 a3 54.
Rxf7 Nxh5 55. Ra7 Kg6 56. Ke4 Ng3+ 57. Kf3 Nf5 58. Rxa3 Kf7 59. Ke4 Ne7 60. f5
h5 61. Rh3 g6 62. f6 Nf5 63. Ra3 h4 64. Ra7+ Kf8 65. e6 1-0

[Event "PRO League Group Stage"]
[Site "chess.com INT"]
[Date "2019.02.20"]
[Round "7"]
[White "Kulkarni, Rakesh"]
[Black "Bloomer, Josh"]
[Result "0-1"]
[WhiteTitle "IM"]
[WhiteElo "2298"]
[BlackElo "1950"]
[WhiteTeam "Mumbai Movers"]
[BlackTeam "Saint Louis Arch Bishops"]
[WhiteFideId "5037077"]
[BlackFideId "2020416"]
[EventDate "2019.01.08"]

1. e4 c5 2. c3 Nf6 3. e5 Nd5 4. d4 cxd4 5. Nf3 Nc6 6. cxd4 d6 7. Bc4 dxe5 8.
dxe5 Ndb4 9. Qe2 Bf5 10. O-O Bd3 11. Bxd3 Qxd3 12. Re1 O-O-O 13. Na3 Qxe2 14.
Rxe2 Rd1+ 15. Re1 Rxe1+ 16. Nxe1 Nxe5 17. Be3 a6 18. Rc1+ Nbc6 19. Bf4 Ng6 20.
Bg3 e6 21. Nc4 Kd7 22. Rd1+ Ke8 23. Nf3 Bc5 24. a3 f6 25. b4 Be7 26. Nb6 Nf8 27.
Bc7 e5 28. Nd2 Ne6 29. Nd5 Nxc7 30. Nxc7+ Kf7 31. Ne4 Rd8 32. Rc1 f5 33. Ng3 g6
34. Kf1 Rd7 35. Nxa6 Rd3 36. Nc5 Bxc5 37. Rxc5 Rxa3 38. b5 Ra1+ 39. Ke2 Nd4+ 40.
Kd3 Ke6 41. f4 exf4 42. Kxd4 fxg3 43. hxg3 Rd1+ 44. Ke3 Rd5 45. Rc7 Rxb5 46.
Rxh7 Rb3+ 47. Kf2 Rb4 48. Kf3 b5 49. Rb7 Kf6 50. Ke3 Kg5 51. Rb6 Rb3+ 52. Kf2 b4
53. Kg1 Kh6 54. Kh2 Rb1 55. g4 f4 56. Rb5 b3 57. Rb8 Kg5 58. Rb6 b2 59. Rb4 Kxg4
60. Rb5 g5 61. Rb8 Kf5 62. Rb5+ Ke4 63. Rb8 Ke3 64. Rb3+ Kf2 65. Rf3+ Ke2 66.
Rb3 Kf2 67. Rf3+ Ke2 68. Rb3 g4 69. g3 f3 70. Re3+ Kf1 71. Rb3 Re1 72. Rxb2 Re2+
73. Kh1 Re5 74. Rh2 f2 75. Rh8 Ke1 76. Rf8 f1=Q+ 77. Rxf1+ Kxf1 0-1

[Event "PRO League Group Stage"]
[Site "chess.com INT"]
[Date "2019.02.20"]
[Round "7"]
[White "So, Wesley"]
[Black "Petrosian, Tigran L."]
[Result "1-0"]
[WhiteTitle "GM"]
[BlackTitle "GM"]
[WhiteElo "2765"]
[BlackElo "2598"]
[WhiteTeam "Saint Louis Arch Bishops"]
[BlackTeam "Seattle Sluggers"]
[WhiteFideId "5202213"]
[BlackFideId "13301616"]
[EventDate "2019.01.08"]

1. e4 g6 2. d4 Bg7 3. Nc3 a6 4. f4 d6 5. Nf3 b5 6. Bd3 Nd7 7. e5 Bb7 8. Ne4 Nh6
9. O-O O-O 10. c3 Nb6 11. Qe1 Qd7 12. Ng3 c5 13. dxc5 dxc5 14. Be4 Bxe4 15. Nxe4
Qc6 16. Ng3 f5 17. exf6 exf6 18. f5 Rae8 19. Qf2 Ng4 20. Qc2 g5 21. h3 Ne3 22.
Bxe3 Rxe3 23. Rae1 Rfe8 24. Qf2 Nd5 25. Rxe3 Rxe3 26. Rd1 Re8 27. Re1 Bf8 28.
Ne4 h6 29. h4 g4 30. Nfd2 c4 31. Kh1 h5 32. Nf1 Re5 33. Nfg3 Qe8 34. Qd4 Kh8 35.
Re2 Bg7 36. Nd6 Qg8 37. Rxe5 fxe5 38. Qa7 Nf6 39. Nf7+ Kh7 40. Ng5+ Kh8 41. Nf7+
Kh7 42. Ng5+ Kh6 43. Qxa6 Qd5 44. N5e4 Qf7 45. Qxb5 Nxe4 46. Nxe4 Qxf5 47. Qc6+
Kh7 48. Qxc4 Qf4 49. Ng5+ Kg6 50. Qd3+ Kf6 51. Qd6+ 1-0

[Event "PRO League Group Stage"]
[Site "chess.com INT"]
[Date "2019.02.20"]
[Round "7"]
[White "Margvelashvili, Giorgi"]
[Black "Theodorou, Nikolas"]
[Result "1-0"]
[WhiteTitle "GM"]
[BlackTitle "IM"]
[WhiteElo "2530"]
[BlackElo "2552"]
[WhiteTeam "Seattle Sluggers"]
[BlackTeam "Saint Louis Arch Bishops"]
[WhiteFideId "13602926"]
[BlackFideId "4262875"]
[EventDate "2019.01.08"]

1. Nf3 Nf6 2. c4 g6 3. Nc3 Bg7 4. e4 d6 5. d4 O-O 6. Be2 e5 7. O-O Nc6 8. d5 Ne7
9. Be3 Ng4 10. Bd2 Bh6 11. Ng5 f5 12. Bxg4 Bxg5 13. Bxg5 fxg4 14. f3 Bd7 15.
fxg4 Rf4 16. Bxf4 exf4 17. Rxf4 g5 18. Rf2 Ng6 19. h3 Qe7 20. Qd4 Ne5 21. Raf1
Qg7 22. Rf6 b6 23. b3 Re8 24. Ne2 Re7 25. Ng3 Be8 26. Rf8+ Qxf8 27. Rxf8+ Kxf8
28. Nf5 Rf7 29. Qe3 h6 30. Nxh6 Rf4 31. Nf5 Bg6 32. b4 Nxc4 33. Qc3 Bxf5 34.
Qf6+ Ke8 35. exf5 Nd2 36. Qg6+ Kf8 37. Qxg5 Rf1+ 38. Kh2 Rd1 39. Qf6+ Ke8 40.
Qh8+ Kd7 41. Qg7+ Kc8 42. Kg3 Ne4+ 43. Kh4 Rd2 44. f6 1-0

[Event "PRO League Group Stage"]
[Site "chess.com INT"]
[Date "2019.02.20"]
[Round "7"]
[White "Bloomer, Josh"]
[Black "Bashkansky, Naomi"]
[Result "1-0"]
[BlackTitle "WIM"]
[WhiteElo "1950"]
[BlackElo "1994"]
[WhiteTeam "Saint Louis Arch Bishops"]
[BlackTeam "Seattle Sluggers"]
[WhiteFideId "2020416"]
[BlackFideId "2072289"]
[EventDate "2019.01.08"]

1. e4 e5 2. Nf3 Nc6 3. Bc4 Bc5 4. O-O d6 5. c3 Bg4 6. b4 Bb6 7. a4 a5 8. b5 Nce7
9. Bxf7+ Kf8 10. Bb3 Nf6 11. d3 h5 12. Be3 g6 13. Na3 Kg7 14. Nc4 Rf8 15. Nxb6
cxb6 16. h3 Bxf3 17. Qxf3 Nfd5 18. Qg3 Nxc3 19. Rae1 Rc8 20. f4 Qc7 21. f5 Qd8
22. Bg5 Kh8 23. fxg6 Kg7 24. Rf7+ Rxf7 25. gxf7 Kf8 26. Bh6# 1-0

[Event "PRO League Group Stage"]
[Site "chess.com INT"]
[Date "2019.02.20"]
[Round "7"]
[White "Adhiban, Baskaran"]
[Black "Adly, Ahmed"]
[Result "0-1"]
[WhiteTitle "GM"]
[BlackTitle "GM"]
[WhiteElo "2689"]
[BlackElo "2611"]
[WhiteTeam "Mumbai Movers"]
[BlackTeam "Delhi Dynamite"]
[WhiteFideId "5018471"]
[BlackFideId "10601619"]
[EventDate "2019.01.08"]

1. d4 Nf6 2. c4 e6 3. Nf3 Bb4+ 4. Nbd2 O-O 5. a3 Be7 6. e4 d6 7. Qc2 Nfd7 8. g3
e5 9. Bg2 exd4 10. Nxd4 Bf6 11. Nf5 Nc6 12. O-O Nc5 13. Ne3 Nd4 14. Qd1 c6 15.
Rb1 a5 16. b4 axb4 17. axb4 Na4 18. Qe1 Nc3 19. Rb2 Ra1 20. Kh1 Nde2 21. Nb3
Nxc1 22. Nxa1 Nd3 23. Qd2 Nxb2 24. Qxb2 Nxe4 25. Qc2 Nc3 26. Nb3 d5 27. cxd5
cxd5 28. Qd3 Qb6 29. Nxd5 Nxd5 30. Qxd5 Qxb4 31. Nc5 Rd8 32. Qh5 Bg4 0-1

[Event "PRO League Group Stage"]
[Site "chess.com INT"]
[Date "2019.02.20"]
[Round "7"]
[White "Kannappan, Priyadharshan"]
[Black "Ghosh, Diptayan"]
[Result "0-1"]
[WhiteTitle "GM"]
[BlackTitle "GM"]
[WhiteElo "2553"]
[BlackElo "2544"]
[WhiteTeam "Delhi Dynamite"]
[BlackTeam "Mumbai Movers"]
[WhiteFideId "5018293"]
[BlackFideId "5045207"]
[EventDate "2019.01.08"]

1. e4 c6 2. d4 d5 3. exd5 cxd5 4. Bd3 Nc6 5. c3 e6 6. Nf3 Bd6 7. O-O Nge7 8. Qc2
h6 9. Re1 O-O 10. Nbd2 Qc7 11. Nf1 f6 12. Be3 e5 13. dxe5 fxe5 14. Bb5 Bf5 15.
Qa4 a6 16. Bxc6 bxc6 17. c4 Ng6 18. cxd5 cxd5 19. Rac1 Qf7 20. Qc6 Rad8 21. Bb6
Rd7 22. Ng3 Bg4 23. Nd2 Nf4 24. f3 Be6 25. Red1 h5 26. Be3 Nd3 27. Rb1 h4 28.
Ngf1 h3 29. Qxa6 hxg2 30. Kxg2 Qg6+ 31. Ng3 e4 32. Qb5 Rdf7 33. Rf1 exf3+ 34.
Rxf3 Rxf3 35. Nxf3 Bxg3 36. hxg3 Qe4 37. Bf4 Qe2+ 0-1

[Event "PRO League Group Stage"]
[Site "chess.com INT"]
[Date "2019.02.20"]
[Round "7"]
[White "Karavade, Eesha"]
[Black "Grover, Sahaj"]
[Result "1-0"]
[WhiteTitle "IM"]
[BlackTitle "GM"]
[WhiteElo "2365"]
[BlackElo "2511"]
[WhiteTeam "Mumbai Movers"]
[BlackTeam "Delhi Dynamite"]
[WhiteFideId "5012600"]
[BlackFideId "5021103"]
[EventDate "2019.01.08"]

1. d4 Nf6 2. c4 e6 3. Nc3 Bb4 4. Qc2 O-O 5. Nf3 d5 6. cxd5 exd5 7. Bg5 c5 8. e3
h6 9. Bh4 Bg4 10. Ne5 Be6 11. a3 cxd4 12. axb4 dxc3 13. bxc3 g5 14. Bg3 Ne4 15.
Bd3 Nxg3 16. hxg3 Qf6 17. f4 Nd7 18. Nf3 Bg4 19. Nd4 Rfe8 20. Kf2 Ne5 21. Bf5
Nc4 22. Bxg4 Nxe3 23. Qe2 gxf4 24. Qf3 Re4 25. Kg1 Rae8 26. Re1 Qg7 27. Bh5 fxg3
28. Rh3 Nf5 29. Rxe4 Rxe4 30. Ne2 Qe5 31. Nxg3 Re1+ 32. Nf1 1-0

[Event "PRO League Group Stage"]
[Site "chess.com INT"]
[Date "2019.02.20"]
[Round "7"]
[White "Manu, David Suthandram R"]
[Black "Kulkarni, Rakesh"]
[Result "1-0"]
[BlackTitle "IM"]
[WhiteElo "2252"]
[BlackElo "2298"]
[WhiteTeam "Delhi Dynamite"]
[BlackTeam "Mumbai Movers"]
[WhiteFideId "35019562"]
[BlackFideId "5037077"]
[EventDate "2019.01.08"]

1. e4 d5 2. exd5 c6 3. d4 cxd5 4. c4 Nf6 5. Nc3 Nc6 6. Nf3 g6 7. Bg5 Bg7 8. Bxf6
exf6 9. cxd5 Ne7 10. Bb5+ Bd7 11. d6 Nf5 12. Qe2+ Kf8 13. O-O Nxd6 14. Bxd7 Qxd7
15. Rfd1 h5 16. d5 Kg8 17. Nd4 Kh7 18. Ndb5 Rhe8 19. Qd3 Nf5 20. d6 Re5 21. Nd5
Nxd6 22. Ndc3 Rd8 23. Qxd6 Qe8 24. Qxd8 Re1+ 25. Rxe1 Qxd8 26. Rad1 Qa5 27. Re7
f5 28. Rxf7 Kh6 29. Rdd7 Bxc3 30. h4 Bg7 31. Rxg7 Qe1+ 32. Kh2 Qe5+ 33. g3 Qxg7
34. Rxg7 Kxg7 35. Nxa7 1-0

[Event "PRO League Group Stage"]
[Site "chess.com INT"]
[Date "2019.02.20"]
[Round "7"]
[White "Le, Quang Liem"]
[Black "Naroditsky, Daniel"]
[Result "0-1"]
[WhiteTitle "GM"]
[BlackTitle "GM"]
[WhiteElo "2714"]
[BlackElo "2616"]
[WhiteTeam "Webster Windmills"]
[BlackTeam "San Francisco Mechanics"]
[WhiteFideId "12401137"]
[BlackFideId "2026961"]
[EventDate "2019.01.08"]

1. d4 Nf6 2. c4 g6 3. Nc3 Bg7 4. e4 d6 5. Nge2 O-O 6. Ng3 a6 7. h4 h5 8. Bg5 Nc6
9. d5 Ne5 10. Qd2 c6 11. O-O-O cxd5 12. cxd5 b5 13. Kb1 b4 14. Nce2 Nc4 15. Qxb4
Nxb2 16. Rd2 Nxe4 17. Qxe4 Rb8 18. Nd4 Nc4+ 19. Nb3 Nxd2+ 20. Bxd2 a5 21. Qa4
Bd7 22. Qxa5 Qc8 23. Bd3 Ra8 24. Qb6 Ba4 25. Rc1 Qg4 26. Rc4 Qd1+ 27. Rc1 Qg4
28. Rc4 Qd1+ 29. Rc1 Qg4 30. Rc4 Qd7 31. Rc7 Qd8 32. Rb7 Qc8 33. Na5 Qg4 34. Be2
Qxh4 35. Qb4 Qf6 36. Qxa4 Rfc8 37. Bc4 Rab8 38. Kc2 Rxb7 39. Nxb7 Qb2+ 40. Kd3
Qd4+ 41. Ke2 Rxc4 42. Qa8+ Kh7 43. Na5 Rc2 44. Nb3 Qc4+ 45. Kd1 Rb2 46. Qc6 Qd3
47. Ne2 Rxa2 48. Nec1 Qf1+ 49. Be1 Rxf2 50. g3 Rg2 51. Nd2 Qf5 52. Qc4 Bh6 53.
Qe4 Rxd2+ 54. Bxd2 Qxe4 0-1

[Event "PRO League Group Stage"]
[Site "chess.com INT"]
[Date "2019.02.20"]
[Round "7"]
[White "Bhat, Vinay"]
[Black "Robson, Ray"]
[Result "0-1"]
[WhiteTitle "GM"]
[BlackTitle "GM"]
[WhiteElo "2519"]
[BlackElo "2667"]
[WhiteTeam "San Francisco Mechanics"]
[BlackTeam "Webster Windmills"]
[WhiteFideId "2011352"]
[BlackFideId "2023970"]
[EventDate "2019.01.08"]

1. d4 d5 2. c4 c6 3. Nc3 Nf6 4. e3 e6 5. Nf3 Nbd7 6. b3 Bd6 7. Bb2 O-O 8. Be2 b6
9. O-O Bb7 10. Qc2 Qe7 11. Rad1 Rac8 12. Rfe1 h6 13. Bf1 Ba3 14. Ba1 Bb4 15. Bb2
c5 16. a3 Bxc3 17. Qxc3 dxc4 18. bxc4 Bxf3 19. gxf3 cxd4 20. exd4 Qd6 21. Qe3
Rfe8 22. a4 Nf8 23. a5 Ng6 24. axb6 axb6 25. Rc1 Nh4 26. Red1 Red8 27. Be2 Nh5
28. Bf1 Qf4 29. Be2 Qf5 30. Kh1 Nf4 31. Bf1 Nh3 32. Rc3 Ng5 33. Be2 Ra8 34. Rg1
Ra2 35. Rb3 Qc2 36. Bd1 Qxc4 37. f4 Qd5+ 38. f3 Ngxf3 39. Bxf3 Nxf3 40. Qxf3
Qxf3+ 41. Rxf3 Rxb2 42. Rd3 Rb4 43. Rgd1 Rd5 44. Kg2 Rc4 45. Kf3 b5 46. Ke3 g6
47. Ra1 b4 48. Ra7 Kg7 49. Rb7 Rh5 50. Rd2 Rc3+ 51. Ke4 Rd5 52. Rd3 Rxd3 53.
Kxd3 Rh5 54. Rxb4 Rxh2 55. Ke3 Rh3+ 56. Kf2 g5 57. fxg5 hxg5 58. Rb5 Kg6 59. Rb8
Rd3 60. Rd8 Kf5 61. Rd7 f6 62. Rd6 g4 63. Ke2 g3 64. Rd8 Ra3 65. Re8 Kf4 66.
Rxe6 Ra2+ 67. Kf1 f5 68. Rb6 Rd2 69. Rb4 Kf3 70. Rb3+ Kg4 71. Rb4 f4 72. d5 Rxd5
73. Ke2 Re5+ 74. Kf1 Ra5 75. Rb8 Ra1+ 76. Ke2 f3+ 77. Ke3 Re1+ 78. Kd2 f2 79.
Rg8+ Kh3 80. Rh8+ Kg2 0-1

[Event "PRO League Group Stage"]
[Site "chess.com INT"]
[Date "2019.02.20"]
[Round "7"]
[White "Boros, Denes"]
[Black "Zierk, Steven"]
[Result "0-1"]
[WhiteTitle "GM"]
[BlackTitle "GM"]
[WhiteElo "2442"]
[BlackElo "2510"]
[WhiteTeam "Webster Windmills"]
[BlackTeam "San Francisco Mechanics"]
[WhiteFideId "722340"]
[BlackFideId "2034255"]
[EventDate "2019.01.08"]

1. g3 d5 2. c4 c6 3. d4 Bf5 4. Nc3 e6 5. Qb3 Qb6 6. c5 Qc7 7. Bf4 Qc8 8. f3 Nf6
9. g4 Bg6 10. h4 h5 11. g5 Nfd7 12. e4 e5 13. dxe5 Nxc5 14. Qc2 dxe4 15. Bh3 Qd8
16. Rd1 Qb6 17. fxe4 Ne6 18. Bxe6 fxe6 19. Qd2 Bb4 20. Be3 Qc7 21. Nh3 Nd7 22.
Nf4 Nxe5 23. O-O O-O 24. Bd4 Nc4 25. Qh2 Bd6 26. e5 Nxe5 27. Qe2 Bf5 28. Bxe5
Bxe5 29. Nxh5 Rad8 30. Rde1 Rd4 31. Qxe5 Rg4+ 32. Ng3 Rxg3+ 33. Kh2 Rh3+ 34. Kg2
Qxe5 35. Rxe5 Rxh4 36. Rd1 Rg4+ 37. Kh2 Kf7 38. Re3 Rxg5 0-1

[Event "PRO League Group Stage"]
[Site "chess.com INT"]
[Date "2019.02.20"]
[Round "7"]
[White "Hong, Andrew"]
[Black "Polgar-Shutzman, Tom"]
[Result "1-0"]
[WhiteTitle "FM"]
[WhiteElo "2390"]
[BlackElo "2181"]
[WhiteTeam "San Francisco Mechanics"]
[BlackTeam "Webster Windmills"]
[WhiteFideId "2099438"]
[BlackFideId "2064880"]
[EventDate "2019.01.08"]

1. e4 c5 2. Nf3 Nc6 3. d4 cxd4 4. Nxd4 g6 5. c4 Nf6 6. Nc3 Nxd4 7. Qxd4 d6 8.
Bg5 Bg7 9. Qd2 O-O 10. Bd3 a5 11. O-O a4 12. f4 Qa5 13. Rae1 Qc5+ 14. Kh1 Be6
15. Nd5 Bxd5 16. exd5 Rfe8 17. f5 b5 18. Be3 Qc7 19. cxb5 Qb7 20. Bc4 Rec8 21.
b3 axb3 22. axb3 Nd7 23. Bh6 Ne5 24. Bxg7 Kxg7 25. fxg6 hxg6 26. Rxe5 dxe5 27.
d6 e6 28. Qg5 Ra2 29. h3 Rh8 30. Qf6+ Kg8 31. Rf3 Ra1+ 32. Kh2 Rd1 33. Bxe6 fxe6
34. Qxg6+ Qg7 35. Qxe6+ Kh7 36. Rf7 Rd4 37. Rxg7+ Kxg7 38. Qxe5+ 1-0

[Event "PRO League Group Stage"]
[Site "chess.com INT"]
[Date "2019.02.20"]
[Round "7"]
[White "Ding, Liren"]
[Black "Smirnov, Anton"]
[Result "0-1"]
[WhiteTitle "GM"]
[BlackTitle "GM"]
[WhiteElo "2813"]
[BlackElo "2569"]
[WhiteTeam "Chengdu Pandas"]
[BlackTeam "Australia Kangaroos"]
[WhiteFideId "8603677"]
[BlackFideId "3208923"]
[EventDate "2019.01.08"]

1. e4 e6 2. d4 d5 3. Nc3 Bb4 4. e5 c5 5. a3 Bxc3+ 6. bxc3 Ne7 7. h4 Qc7 8. Nf3
b6 9. h5 h6 10. Bb5+ Bd7 11. Bd3 Nbc6 12. O-O Na5 13. a4 Rc8 14. Re1 Nc4 15. Nh4
Na5 16. Qg4 c4 17. Bf1 Rh7 18. g3 Nf5 19. Nf3 Bc6 20. Qf4 Qd7 21. g4 Ne7 22. Bh3
Bxa4 23. Ra2 b5 24. Kh2 g5 25. hxg6 Nxg6 26. Qg3 Kd8 27. Nh4 Kc7 28. f4 Rg8 29.
f5 Ne7 30. f6 Ng6 31. Nf5 h5 32. g5 exf5 33. e6+ Qd6 34. Qxd6+ Kxd6 35. e7 Rhh8
36. Bxf5 Nh4 37. g6 Nxg6 38. Ba3+ Kc6 39. Bxg6 Rxg6 40. e8=Q+ Rxe8 41. Rxe8 Rxf6
42. Ra1 Nb7 43. Rae1 Nd6 44. Bxd6 Kxd6 45. Rd8+ Kc6 46. Kg3 Bxc2 47. Re7 a6 48.
Rc8+ Kb6 49. Rb8+ Ka5 50. Rbb7 Ka4 0-1

[Event "PRO League Group Stage"]
[Site "chess.com INT"]
[Date "2019.02.20"]
[Round "7"]
[White "Shevchenko, Kirill"]
[Black "Wang, Yue"]
[Result "0-1"]
[WhiteTitle "GM"]
[BlackTitle "GM"]
[WhiteElo "2539"]
[BlackElo "2684"]
[WhiteTeam "Australia Kangaroos"]
[BlackTeam "Chengdu Pandas"]
[WhiteFideId "14129574"]
[BlackFideId "8601429"]
[EventDate "2019.01.08"]

1. d4 Nf6 2. c4 e6 3. Nc3 d5 4. Nf3 c5 5. cxd5 Nxd5 6. e4 Nxc3 7. bxc3 cxd4 8.
cxd4 Bb4+ 9. Bd2 Bxd2+ 10. Qxd2 O-O 11. Bc4 Nd7 12. O-O b6 13. a4 Bb7 14. Bd3
Rc8 15. a5 Qc7 16. axb6 axb6 17. Rab1 Rfd8 18. Rfc1 Qd6 19. Rxc8 Rxc8 20. Rc1
Rxc1+ 21. Qxc1 h6 22. h3 Qc6 23. Qb2 Qa4 24. Kh2 Ba6 25. Bxa6 Qxa6 26. Qb4 b5
27. d5 exd5 28. exd5 Qb6 29. Qe7 Nf6 30. d6 b4 31. Ne5 Kh7 32. d7 Nxd7 33. Qxd7
b3 34. Qf5+ Kh8 35. Qc8+ Kh7 36. Qf5+ Kh8 37. Nc4 Qc7+ 38. Ne5 f6 39. f4 fxe5
40. fxe5 b2 41. h4 Qb8 42. Qb1 Qxe5+ 43. Kh3 Qc3+ 44. g3 Qc1 0-1

[Event "PRO League Group Stage"]
[Site "chess.com INT"]
[Date "2019.02.20"]
[Round "7"]
[White "Zhao, Jun"]
[Black "Ly, Moulthun"]
[Result "1/2-1/2"]
[WhiteTitle "GM"]
[BlackTitle "GM"]
[WhiteElo "2610"]
[BlackElo "2486"]
[WhiteTeam "Chengdu Pandas"]
[BlackTeam "Australia Kangaroos"]
[WhiteFideId "8602522"]
[BlackFideId "3204405"]
[EventDate "2019.01.08"]

1. d4 Nf6 2. Bf4 d5 3. e3 c5 4. c3 Nc6 5. Nf3 Qb6 6. Qc1 Bf5 7. Be2 e6 8. Nh4
Be4 9. Nd2 Be7 10. O-O h6 11. Nhf3 Bh7 12. h3 Rc8 13. dxc5 Bxc5 14. Nb3 Be7 15.
Qd1 O-O 16. Bd3 Ne4 17. Qe2 Rfe8 18. Bh2 Bf8 19. Rad1 a6 20. Nbd4 Na5 21. Rb1
Nc4 22. Rfd1 f6 23. Nb3 e5 24. Nfd2 Qc6 25. Nxe4 Bxe4 26. Nd2 Bxd3 27. Qxd3 b5
28. Nxc4 dxc4 29. Qd5+ Qxd5 30. Rxd5 Red8 31. Rbd1 Be7 32. f4 exf4 33. exf4 f5
34. g4 fxg4 35. hxg4 Kf7 36. Kf2 Rxd5 37. Rxd5 Rd8 38. Rxd8 Bxd8 39. Ke3 g6 40.
Ke4 Ke6 41. f5+ gxf5+ 42. gxf5+ Kd7 43. Be5 h5 44. Kf4 a5 45. Bd4 Kd6 46. f6 Ke6
47. Kg5 Kf7 48. Kxh5 Bxf6 49. Bxf6 Kxf6 50. Kg4 Ke5 51. Kf3 Kf5 52. Ke3 Ke5 53.
Kf3 Kf5 54. Ke3 Ke5 55. Kf3 Kf5 56. Ke3 Ke5 57. Kf3 Kf5 58. Ke3 1/2-1/2

[Event "PRO League Group Stage"]
[Site "chess.com INT"]
[Date "2019.02.20"]
[Round "7"]
[White "Song, Raymond"]
[Black "Li, Yunshan"]
[Result "1-0"]
[WhiteTitle "FM"]
[BlackTitle "WFM"]
[WhiteElo "2329"]
[BlackElo "2246"]
[WhiteTeam "Australia Kangaroos"]
[BlackTeam "Chengdu Pandas"]
[WhiteFideId "3203824"]
[BlackFideId "8607664"]
[EventDate "2019.01.08"]

1. Nf3 d5 2. d4 Nf6 3. c4 dxc4 4. e3 e6 5. Bxc4 a6 6. O-O c5 7. dxc5 Qxd1 8.
Rxd1 Bxc5 9. Be2 Nc6 10. Nbd2 O-O 11. Nb3 Be7 12. Bd2 b6 13. Rac1 Bb7 14. Bc3
Nd5 15. Be1 Rac8 16. a3 Rc7 17. e4 Nf6 18. Bd3 Rfc8 19. Bc3 h6 20. Bb1 Nb8 21.
Nfd2 Nbd7 22. f3 a5 23. Nd4 Ba6 24. Ba2 Bxa3 25. Ra1 Be7 26. g4 Nc5 27. Kg2 Nd3
28. Nf1 Bb4 29. Bxb4 Nxb4 30. Bb3 Bc4 31. Ba4 Kf8 32. Ne3 Ba6 33. h4 Ke7 34. g5
hxg5 35. hxg5 Nd7 36. Kg3 Nc5 37. Bb5 Bxb5 38. Nxb5 Rd7 39. Rxd7+ Nxd7 40. Rh1
Rc5 41. Nd4 Rxg5+ 42. Kh4 Rc5 43. Rd1 Ne5 44. Kg3 Nc4 45. Nef5+ exf5 46. Nxf5+
Kf6 47. f4 g6 48. Nd4 Nxb2 49. e5+ Kg7 50. Rd2 Nc4 51. Rh2 Nc6 52. Nf3 Ne3 53.
Ng5 Nf5+ 54. Kg4 Kf8 55. Rh7 Nd8 56. Ne4 Rc4 57. Nf6 Ng7 58. Rh8+ Ke7 59. Rg8
Nde6 60. Nd5+ Kd7 61. Nxb6+ Kc6 62. Nxc4 Kb5 63. Nd6+ Kb4 64. Rb8+ Kc3 65. Nxf7
a4 66. Nd6 Nc5 67. Kg5 Nge6+ 68. Kxg6 Nxf4+ 69. Kf5 Nfe6 70. Ra8 Nd4+ 71. Kf6
Kb2 72. Ra5 Ndb3 73. Ra8 a3 74. Nc4+ Kc3 75. Nxa3 Nd4 76. Rc8 Kb4 77. Nb1 Kb5
78. Nd2 Nde6 79. Rh8 Nc7 80. Nf3 Nd7+ 81. Kf5 Nc5 82. Ng5 Kc6 83. Rh7 Nd5 84.
Rh6+ Kc7 85. Ne6+ Nxe6 86. Rxe6 Ne3+ 87. Ke4 Ng4 88. Rg6 Nf2+ 89. Kd4 Kd7 90.
Kd5 Nd3 91. Rg7+ Kd8 92. e6 Nf4+ 93. Kd6 1-0